Traditional Dwellings and Settlements Review

محفوظ في:

التنسيق: دورية

اللغة: Undetermined

منشور في: JSTOR
International Association for the Study of Traditional Environments (IASTE)

الموضوعات:

الوصول للمادة أونلاين: Login to view Source

الوسوم: إضافة وسم

لا توجد وسوم, كن أول من يضع وسما على هذه التسجيلة!

رقم الطلب:

LEADER 00609nas a2200181Ia 4500
008 220214c99999999xx |||||||||||| ||und||
022 |a 1050-2092 
245 0 0 |a Traditional Dwellings and Settlements Review 
264 1 |b JSTOR 
264 1 |b International Association for the Study of Traditional Environments (IASTE) 
362 0 |a Vol. 1(1989)-31 (2019) 
653 1 0 |a Arts 
653 1 0 |a Social Sciences 
653 1 0 |a Urban Studies 
856 4 0 |u https://www.jstor.org/journal/traddwelsettrevi 
942 |c JL 
952 |0 0  |1 0  |4 0  |7 1  |9 37480  |a JSR  |b JSR  |d 2022-02-14  |l 0  |r 2022-02-14 00:00:00  |w 2022-02-14  |y JL 
999 |c 45811  |d 45811